Home Print Resources E-Books E-Journals IIMT Lecture Series Library Membership Form Book Recommendation Form Campus Tour Take AdmissionAbout Us Contact Us

ALL INDIA REPORTER (Record no. 56110)

000 -LEADER
fixed length control field nam a22 7a 4500
003 - CONTROL NUMBER IDENTIFIER
control field OSt
005 - DATE AND TIME OF LATEST TRANSACTION
control field 20221208102516.0
008 - FIXED-LENGTH DATA ELEMENTS--GENERAL INFORMATION
fixed length control field 221208b xxu||||| |||| 00| 0 eng d
040 ## - CATALOGING SOURCE
Transcribing agency serosoft
100 ## - MAIN ENTRY--PERSONAL NAME
Personal name AIR
245 ## - TITLE STATEMENT
Title ALL INDIA REPORTER
260 ## - PUBLICATION, DISTRIBUTION, ETC.
Place of publication, distribution, etc. NAGPUR :AIR PVT
Name of publisher, distributor, etc. NAGPUR :AIR PVT
300 ## - PHYSICAL DESCRIPTION
Extent 416
942 ## - ADDED ENTRY ELEMENTS (KOHA)
Source of classification or shelving scheme
Koha item type Journal and Periodical
Holdings
Withdrawn status Lost status Source of classification or shelving scheme Damaged status Not for loan Home library Current library Date acquired Barcode Date last seen Price effective from Koha item type
          IIMT University College of Law IIMT University College of Law 12/08/2022 04-B-10680 12/08/2022 12/08/2022 Text-Book- for 7 days
IIMT, Central Library. All Rights Reserved IIMT,UNIVERSITY © 2023
Implemented and Customised by I CLOUDE EMS
You Are OPAC Visitor No
free web counter

Powered by Koha